Forest mensuration, (Record no. 11215)

MARC details
000 -LEADER
fixed length control field 00822cam a22002651 4500
001 - CONTROL NUMBER
control field agr50000486
003 - CONTROL NUMBER IDENTIFIER
control field DLC
005 - DATE AND TIME OF LATEST TRANSACTION
control field 20260227111013.0
008 - FIXED-LENGTH DATA ELEMENTS--GENERAL INFORMATION
fixed length control field 770525s1950 xx 000 0 eng c
010 ## - LIBRARY OF CONGRESS CONTROL NUMBER
LC control number agr50000486
015 ## - NATIONAL BIBLIOGRAPHY NUMBER
National bibliography number GB50-12474
035 ## - SYSTEM CONTROL NUMBER
System control number (OCoLC)2994519
040 ## - CATALOGING SOURCE
Original cataloging agency U. S. Dept. of Agr. Libr.
Transcribing agency ODa
Modifying agency Uk
-- DLC
042 ## - AUTHENTICATION CODE
Authentication code premarc
050 00 - LIBRARY OF CONGRESS CALL NUMBER
Classification number SD551
Item number .B87 1950
082 ## - DEWEY DECIMAL CLASSIFICATION NUMBER
Classification number 634.9285
100 1# - MAIN ENTRY--PERSONAL NAME
Personal name Bruce, Donald,
Dates associated with a name 1884-
245 10 - TITLE STATEMENT
Title Forest mensuration,
Statement of responsibility, etc. by Donald Bruce and Francis X. Schumacher.
250 ## - EDITION STATEMENT
Edition statement 3d ed.
260 ## - PUBLICATION, DISTRIBUTION, ETC.
Place of publication, distribution, etc. New York,
Name of publisher, distributor, etc. McGraw-Hill,
Date of publication, distribution, etc. 1950.
300 ## - PHYSICAL DESCRIPTION
Extent xvii, 483 p.
Other physical details illus.,
Dimensions 24 cm.
504 ## - BIBLIOGRAPHY, ETC. NOTE
Bibliography, etc. note "Selected list of references": p. 455-456.
650 #0 - SUBJECT ADDED ENTRY--TOPICAL TERM
Topical term or geographic name entry element Forests and forestry
General subdivision Measurement.
700 1# - ADDED ENTRY--PERSONAL NAME
Personal name Schumacher, F. X.
Fuller form of name (Francis Xavier),
Dates associated with a name 1892-
Relator term joint author.

No items available.

Powered by Koha